|
|
|
|
| LEADER |
00849nam a2200229 a 4500 |
| 001 |
c000297505 |
| 003 |
CARM |
| 005 |
20061111053925.0 |
| 008 |
950911s1948 0 eng r |
| 019 |
1 |
|
|a 70238096
|5 LACONCORD2021
|
| 035 |
|
|
|a (OCoLC)1286065924
|5 LACONCORD2021
|
| 082 |
0 |
4 |
|a 658.542 M471
|
| 100 |
1 |
|
|a MAYNARD, HAROLD BRIGHT.
|
| 245 |
1 |
0 |
|a METHODS-TIME MEASUREMENT; BY H.B. MAYNARD, G.J. STEGEMERTEN AND J.L. SCHWAB.
|
| 260 |
|
|
|a N.Y., MCGRAW-HILL, 1948. 292P.
|
| 650 |
|
0 |
|a Methods-time measurement.
|
| 650 |
|
0 |
|a Time study.
|
| 700 |
1 |
0 |
|a SCHWAB, JOHN L.
|
| 700 |
1 |
0 |
|a STEGEMERTEN, GUSTAVE JAMES.
|
| 852 |
8 |
|
|b CARM
|h A3:AD22A0
|i B11402
|p 0549373
|f BK
|
| 999 |
f |
f |
|i 379b0824-73d3-58d6-8eef-3fbdf8b64a71
|s 643934f3-c29c-56d0-a6af-e8e75e755705
|
| 952 |
f |
f |
|p Can circulate
|a CAVAL
|b CAVAL
|c CAVAL
|d CARM 1 Store
|e B11402
|f A3:AD22A0
|h Other scheme
|i book
|m 0549373
|